<?xml version="1.0" encoding="UTF-8"?>
<record
    xmlns:xsi="http://www.w3.org/2001/XMLSchema-instance"
    xsi:schemaLocation="http://www.loc.gov/MARC21/slim http://www.loc.gov/standards/marcxml/schema/MARC21slim.xsd"
    xmlns="http://www.loc.gov/MARC21/slim">

  <leader>00464nam a22001577a 4500</leader>
  <controlfield tag="005">20260327110724.0</controlfield>
  <controlfield tag="008">260327b        |||||||| |||| 00| 0 eng d</controlfield>
  <datafield tag="020" ind1=" " ind2=" ">
    <subfield code="a">978-3642-1445-16</subfield>
  </datafield>
  <datafield tag="050" ind1=" " ind2=" ">
    <subfield code="a">QA76.9 .C67 T69 2010</subfield>
  </datafield>
  <datafield tag="100" ind1=" " ind2=" ">
    <subfield code="a">AHMAD-REZA SADEGHI</subfield>
  </datafield>
  <datafield tag="245" ind1=" " ind2=" ">
    <subfield code="a">TOWARDS HARDWARE INTRINSIC SECURITY</subfield>
  </datafield>
  <datafield tag="260" ind1=" " ind2=" ">
    <subfield code="a">NEWYORK</subfield>
    <subfield code="b">SPRINGER</subfield>
    <subfield code="c">2010</subfield>
  </datafield>
  <datafield tag="300" ind1=" " ind2=" ">
    <subfield code="a">X,407</subfield>
  </datafield>
  <datafield tag="650" ind1=" " ind2=" ">
    <subfield code="a">Computer security -hardware-Cryptography -hardware implementation</subfield>
  </datafield>
  <datafield tag="942" ind1=" " ind2=" ">
    <subfield code="2">lcc</subfield>
    <subfield code="c">BK</subfield>
  </datafield>
  <datafield tag="999" ind1=" " ind2=" ">
    <subfield code="c">216879</subfield>
    <subfield code="d">216879</subfield>
  </datafield>
  <datafield tag="952" ind1=" " ind2=" ">
    <subfield code="0">0</subfield>
    <subfield code="1">0</subfield>
    <subfield code="2">lcc</subfield>
    <subfield code="4">0</subfield>
    <subfield code="6">QA00769 C67 T69  02010</subfield>
    <subfield code="7">0</subfield>
    <subfield code="8">SCT</subfield>
    <subfield code="9">376508</subfield>
    <subfield code="a">KSUL</subfield>
    <subfield code="b">KSUL</subfield>
    <subfield code="c">DISPLAY</subfield>
    <subfield code="d">2026-03-27</subfield>
    <subfield code="i">112565</subfield>
    <subfield code="l">0</subfield>
    <subfield code="o">QA76.9 .C67 T69 2010</subfield>
    <subfield code="p">A000902</subfield>
    <subfield code="r">2026-03-27 11:02:00</subfield>
    <subfield code="t">C.4</subfield>
    <subfield code="w">2026-03-27</subfield>
    <subfield code="y">BK</subfield>
  </datafield>
  <datafield tag="952" ind1=" " ind2=" ">
    <subfield code="0">0</subfield>
    <subfield code="1">0</subfield>
    <subfield code="2">lcc</subfield>
    <subfield code="4">0</subfield>
    <subfield code="6">QA00769 C67 T69  02010</subfield>
    <subfield code="7">0</subfield>
    <subfield code="8">SCT</subfield>
    <subfield code="9">376509</subfield>
    <subfield code="a">KSUL</subfield>
    <subfield code="b">KSUL</subfield>
    <subfield code="c">DISPLAY</subfield>
    <subfield code="d">2026-03-27</subfield>
    <subfield code="i">112562</subfield>
    <subfield code="l">0</subfield>
    <subfield code="o">QA76.9 .C67 T69 2010</subfield>
    <subfield code="p">A000900</subfield>
    <subfield code="r">2026-03-27 11:02:00</subfield>
    <subfield code="t">C.1</subfield>
    <subfield code="w">2026-03-27</subfield>
    <subfield code="y">BK</subfield>
  </datafield>
  <datafield tag="952" ind1=" " ind2=" ">
    <subfield code="0">0</subfield>
    <subfield code="1">0</subfield>
    <subfield code="2">lcc</subfield>
    <subfield code="4">0</subfield>
    <subfield code="6">QA00769 C67 T69  02010</subfield>
    <subfield code="7">0</subfield>
    <subfield code="8">SCT</subfield>
    <subfield code="9">376510</subfield>
    <subfield code="a">KSUL</subfield>
    <subfield code="b">KSUL</subfield>
    <subfield code="c">DISPLAY</subfield>
    <subfield code="d">2026-03-27</subfield>
    <subfield code="i">112563</subfield>
    <subfield code="l">0</subfield>
    <subfield code="o">QA76.9 .C67 T69 2010</subfield>
    <subfield code="p">A000898</subfield>
    <subfield code="r">2026-03-27 11:02:00</subfield>
    <subfield code="t">C.2</subfield>
    <subfield code="w">2026-03-27</subfield>
    <subfield code="y">BK</subfield>
  </datafield>
  <datafield tag="952" ind1=" " ind2=" ">
    <subfield code="0">0</subfield>
    <subfield code="1">0</subfield>
    <subfield code="2">lcc</subfield>
    <subfield code="4">0</subfield>
    <subfield code="6">QA00769 C67 T69  02010</subfield>
    <subfield code="7">0</subfield>
    <subfield code="8">SCT</subfield>
    <subfield code="9">376511</subfield>
    <subfield code="a">KSUL</subfield>
    <subfield code="b">KSUL</subfield>
    <subfield code="c">DISPLAY</subfield>
    <subfield code="d">2026-03-27</subfield>
    <subfield code="i">112564</subfield>
    <subfield code="l">0</subfield>
    <subfield code="o">QA76.9 .C67 T69 2010</subfield>
    <subfield code="p">A000895</subfield>
    <subfield code="r">2026-03-27 11:02:00</subfield>
    <subfield code="t">C.3</subfield>
    <subfield code="w">2026-03-27</subfield>
    <subfield code="y">BK</subfield>
  </datafield>
</record>
